Most Popular Solo Songs From Balkan Artists - Statistics

General Stats
  • This quiz has been taken 45 times
    33 since last reset
  • The average score is 19 of 50
Answer Stats
Hint Answer % Correct
Rasta Euforija - 100m
73%
Voyage Euforija - 29m
73%
Jala Brat 99 - 78m
69%
Buba Corelli Balenciaga - 125m
69%
Rasta Hotel - 67m
69%
Buba Corelli Opasno - 66m
65%
Nucci Vroom - 55m
65%
Rasta Kavasaki - 68m
62%
Nucci Udji na wa - 43m
62%
Rasta Kavali - 72m
58%
Teodora Tresi tresi - 73m
58%
Coby Biseri iz blata - 61m
54%
Voyage La La La - 18m
54%
Voyage Tango - 41m
54%
Devito Uh - 32m
54%
Devito Nina - 31m
46%
Relja Beograd jos zivi - 65m
42%
Buba Corelli Comfort - 68m
42%
Nucci Crno oko - 35m
42%
Breskvica Losa - 32m
42%
Buba Corelli Gluh i nijem - 60m
38%
Jala Brat La Martina - 64m
38%
Breskvica Srecan put - 35m
38%
Rasta AMGVSQ7AUDI - 60m
35%
Teodora Kristijan Grej - 51m
35%
Relja Latino Evropa - 61m
35%
Nucci Localo - 28m
35%
Jala Brat Mlada i Luda - 85m
35%
Nucci Bibi - 41m
31%
Voyage Detinjstvo - 21m
31%
Buba Corelli Irina Shayk - 69m
31%
Breskvica Leptir - 17m
31%
Jala Brat Restart - 70m
31%
Voyage Kartel - 29m
27%
Coby Leto je - 53m
27%
Devito Marina - 41m
27%
Teodora Linija - 33m
23%
Breskvica Lutka - 17m
23%
Coby Zlatno dete - 22m
23%
Coby Zver - 21m
23%
Relja Lom - 35m
19%
Breskvica Do gole koze - 27m
15%
Relja Mi Amor - 41m
15%
Relja Takvi kao ja - 42m
15%
Teodora Tom Ford - 28m
15%
Devito Bebe - 27m
12%
Devito Oduzet - 32m
12%
Teodora Gasolina - 36m
8%
Coby Moja braca - 32m
8%
Jala Brat O kako ne bi - 45m
8%
No matching quizzes found
Score Distribution
Percent of People with Each Score
Percentile by Number Answered
Your Score History
You have not taken this quiz since the last reset